00528nam a2200169Ia 4500003000900000008004100009020001800050040001600068080002200084110003200106245010400138260003500242300001100277650004100288650001500329650001400344IN-BaIIA211028s9999 xx 000 0 eng d a0-08-020566-6 cIIA Library a063:523.34bLSI-1 aThe Lunar Science Institute 0aMineralogical and Petrological Studiesbvol. 1cThe Lunar Science Institute  aNew YorkbPergamon Pressc1975 a1202p. aAstronomy and Astrophysics Thesaurus aMineralogy aPetrology